Olympia de Gouges : octubre de 2001 - març de 2003 octubre de 2001 - març de 2003
Publicado:
[Barcelona] :
Diputació de Barcelona, Àrea de Govern, Oficina Tècnica del Pla d'Igualtat, D.L. 2003
Descripción Física:
1 tríptic ; 21 cm
MARC
| LEADER | 00000nam a2200000Ia 4500 | ||
|---|---|---|---|
| 001 | 15959 | ||
| 008 | 160829s9999 xx 000 0 cat d | ||
| 080 | |a FU-41-34 | ||
| 245 | |a Olympia de Gouges : |b octubre de 2001 - març de 2003 | ||
| 260 | |a [Barcelona] : |b Diputació de Barcelona, Àrea de Govern, Oficina Tècnica del Pla d'Igualtat, D.L. 2003 | ||
| 300 | |a 1 tríptic ; |c 21 cm | ||
| 590 | |a Abans del títol: Projecte de cooperació transnacional. | ||
| 590 | |a A la part inferior de la portada: Landeshauptstadt München ; Provincia della Spezia M.O.V.M. | ||
| 650 | |a Projecte Olympia de Gouges |9 39189 | ||
| 650 | |a Discriminació sexual en el treball |x Catalunya |9 39190 | ||
| 650 | |a Administració local |x Direcció i administració |9 39191 | ||
| 710 | 1 | |a Barcelona (Catalunya : Província). |b Oficina Tècnica del Pla d'Igualtat |9 54965 | |
| 901 | |a Arxiu | ||
| 942 | |n 1 | ||
| 952 | |0 0 |1 0 |4 0 |6 FU4134 |7 1 |9 48857 |a Arxiu |b Arxiu |d 2016-12-01 |l 0 |o FU-41-34 |p 15959 |r 2016-12-01 00:00:00 |w 2016-12-01 |y ARXIU | ||
| 999 | |c 52692 |d 52692 | ||